Wissenschaftliche Namen - Statistiken

Allgemein
  • Dieses Quiz wurde 58 mal gespielt
  • Das Durchschnittsergebnis liegt bei 9 aus 20
Antwortstatistiken
Wissenschaftlich Hinweis Gewöhnlicher Name % Korrekt
Homo sapiens Tier Mensch
100%
Panthera leo Tier Löwe
87%
SARS-CoV-2 Virus Covid-19
74%
Canis lupus familiaris Tier Hund
72%
Natriumchlorid Substanz Salz
72%
Equus ferus caballus Tier Pferd
67%
Aves Tierklasse Vögel
57%
Patella Körperteil Kniescheibe
52%
Ursus maritimus Tier Eisbär
48%
Polaris Himmelsobjekt Polarstern
44%
Aurora borealis Phänomen Nordlichter
41%
L-Ascorbinsäure Substanz Vitamin C
35%
Leukocyte Körperteil Weiße Blutkörperchen
33%
Kiefer Körperteil Kieferknochen
28%
Equus quagga Tier Zebra
28%
Bovine spongiforme Enzephalopathie Krankheit BSE (Rinderwahn)
24%
Schlüsselbein Körperteil Schlüsselbein
22%
Corvus Gattung von Tieren Krähe / Rabe
17%
Vitis vinifera Essbare Pflanze Traube
11%
Pan troglodytes Tier Schimpanse
6%
Keine übereinstimmenden Quizze gefunden
Verteilung der Resultate
Anzahl Personen mit jedem Resultat
Perzentil nach korrekt beantworteten Fragen
Ihre Resultats-Entwicklung
Sie haben dieses Quiz noch nicht gespielt